[Event "Remembrance Day op"]
[Site "Winnipeg CAN"]
[Date "2004.11.14"]
[Round "5"]
[White "Gannon, Keith"]
[Black "Penner, Wesley"]
[Result "1/2-1/2"]
[WhiteElo "1561"]
[BlackElo "1776"]
[PlyCount "97"]
[GameId "2160767911052638"]
[EventDate "2004.11.12"]
[EventType "swiss"]
[EventRounds "5"]
[EventCountry "CAN"]
[SourceTitle "EXT 2006"]
[Source "ChessBase"]
[SourceDate "2005.11.24"]
[SourceVersion "1"]
[SourceVersionDate "2005.11.24"]
[SourceQuality "1"]

1. e4 e6 2. d4 d5 3. exd5 exd5 4. Nf3 Nf6 5. Nc3 c6 6. Bd3 Bd6 7. O-O O-O 8. Re1 Bg4 9. Bg5 Nbd7 10. h3 Bh5 11. Be2 Qc7 12. Qc1 Rfe8 13. a3 Ne4 14. Nxe4 dxe4 15. Ne5 Bxe2 16. Rxe2 Bxe5 17. dxe5 Qxe5 18. Bf4 Qc5 19. Qd2 Nf6 20. Be3 Qf5 21. Rd1 h6 22. Qe1 b6 23. Bd4 Rad8 24. Bxf6 Rxd1 25. Qxd1 Qxf6 26. c3 Qe6 27. Qc2 f5 28. b4 Qc4 29. Rd2 Re7 30. Rd8+ Kh7 31. Rd4 Qe6 32. a4 c5 33. bxc5 bxc5 34. Rd1 g5 35. c4 Rd7 36. Rxd7+ Qxd7 37. Qb3 h5 38. a5 a6 39. Qb6 Qc8 40. h4 Kg7 41. Qd6 Kf7 42. Qd5+ Kf6 43. Qd6+ Kg7 44. Qe7+ Kh6 45. Qxg5+ Kh7 46. Qe7+ Kg8 47. Qd6 Kh7 48. Qe7+ Kg8 49. Qd6 1/2-1/2

[Event "Remembrance Day op"]
[Site "Winnipeg CAN"]
[Date "2004.11.14"]
[Round "5"]
[White "Gibbons, Lorne"]
[Black "Anderson, George"]
[Result "1-0"]
[WhiteElo "1280"]
[BlackElo "1411"]
[PlyCount "103"]
[GameId "2160767911052639"]
[EventDate "2004.11.12"]
[EventType "swiss"]
[EventRounds "5"]
[EventCountry "CAN"]
[SourceTitle "EXT 2006"]
[Source "ChessBase"]
[SourceDate "2005.11.24"]
[SourceVersion "1"]
[SourceVersionDate "2005.11.24"]
[SourceQuality "1"]

1. d4 e6 2. c4 Nf6 3. Nc3 g6 4. Bf4 Bg7 5. Nf3 Nc6 6. e3 d6 7. Be2 Bd7 8. Qc2 Nh5 9. Bg3 Nxg3 10. hxg3 e5 11. d5 Ne7 12. O-O Bg4 13. e4 h5 14. Nh2 Qd7 15. Qd1 Bxe2 16. Qxe2 h4 17. Qg4 Qxg4 18. Nxg4 f5 19. exf5 gxf5 20. Ne3 O-O-O 21. g4 f4 22. Nc2 h3 23. f3 hxg2 24. Kxg2 Rh7 25. Rh1 Rdh8 26. Ne4 Ng6 27. Ng5 Nh4+ 28. Kf2 Rh6 29. Nf7 e4 30. Nxh8 e3+ 31. Ke2 Bxh8 32. Rab1 Bf6 33. b3 Rh8 34. Rbg1 Bg5 35. Nd4 Re8 36. Ne6 Be7 37. g5 Ng6 38. Rh7 c6 39. Rf7 Rh8 40. Nxf4 Nxf4+ 41. Rxf4 Rh2+ 42. Kxe3 Rxa2 43. Kd3 b5 44. dxc6 b4 45. Rf7 Bd8 46. Rb7 Bb6 47. Re1 Rb2 48. Re8+ Bd8 49. Rxb4 Rg2 50. Rb7 a6 51. Rd7 Rxg5 52. Rexd8# 1-0

[Event "Remembrance Day op"]
[Site "Winnipeg CAN"]
[Date "2004.11.14"]
[Round "5"]
[White "Khedkar, Jay S"]
[Black "Kaptsan, Aron"]
[Result "1/2-1/2"]
[WhiteElo "1934"]
[BlackElo "1903"]
[PlyCount "70"]
[GameId "2160767911052640"]
[EventDate "2004.11.12"]
[EventType "swiss"]
[EventRounds "5"]
[EventCountry "CAN"]
[SourceTitle "EXT 2006"]
[Source "ChessBase"]
[SourceDate "2005.11.24"]
[SourceVersion "1"]
[SourceVersionDate "2005.11.24"]
[SourceQuality "1"]

1. e4 e5 2. f4 exf4 3. Nf3 h6 4. Bc4 d6 5. O-O g5 6. d4 Bg7 7. c3 Ne7 8. Nbd2 Nbc6 9. Nb3 Ng6 10. Qc2 O-O 11. e5 d5 12. Bd3 Nce7 13. h4 gxh4 14. Nh2 h3 15. Bxf4 hxg2 16. Qxg2 Qd7 17. Rae1 Qh3 18. Qxh3 Bxh3 19. Rf3 Be6 20. Nc5 b6 21. Nxe6 fxe6 22. Ref1 Rxf4 23. Rxf4 Nxf4 24. Rxf4 Rf8 25. Rxf8+ Kxf8 26. Nf3 c5 27. Kf2 Kf7 28. Kg3 cxd4 29. cxd4 Nc6 30. Kf4 Bf8 31. Bb5 Ne7 32. Nh4 Ng8 33. Be2 Be7 34. Bh5+ Kg7 35. Nf3 Bd8 1/2-1/2

[Event "Remembrance Day op"]
[Site "Winnipeg CAN"]
[Date "2004.11.14"]
[Round "5"]
[White "Kwiatek, Jordan"]
[Black "Rutter, Blair"]
[Result "1/2-1/2"]
[WhiteElo "1719"]
[BlackElo "1745"]
[PlyCount "63"]
[GameId "2160767911052641"]
[EventDate "2004.11.12"]
[EventType "swiss"]
[EventRounds "5"]
[EventCountry "CAN"]
[SourceTitle "EXT 2006"]
[Source "ChessBase"]
[SourceDate "2005.11.24"]
[SourceVersion "1"]
[SourceVersionDate "2005.11.24"]
[SourceQuality "1"]

1. d4 d5 2. Nf3 Nf6 3. c4 e6 4. cxd5 exd5 5. Bg5 Be6 6. e3 Be7 7. Qc2 Nbd7 8. Bd3 Rc8 9. Nc3 c5 10. O-O h6 11. Bf4 Nh5 12. Bg3 Nxg3 13. hxg3 Nf6 14. Qa4+ Bd7 15. Qxa7 c4 16. Bb1 O-O 17. Ne5 Be6 18. Qa4 Bd6 19. Qc2 Kh8 20. Nb5 g6 21. Qe2 Bxe5 22. dxe5 Ng4 23. Nd6 Rc7 24. f4 f5 25. a4 Qa8 26. Ra3 Qa5 27. Rd1 Qc5 28. Nb5 Re7 29. Nd4 Bd7 30. Qf3 Ra8 31. Bc2 Qb4 32. Rb1 1/2-1/2

[Event "Remembrance Day op"]
[Site "Winnipeg CAN"]
[Date "2004.11.14"]
[Round "5"]
[White "Plocek, Jaroslav"]
[Black "Rumpel, Chris"]
[Result "1-0"]
[WhiteElo "1545"]
[BlackElo "1421"]
[PlyCount "75"]
[GameId "2160767911052642"]
[EventDate "2004.11.12"]
[EventType "swiss"]
[EventRounds "5"]
[EventCountry "CAN"]
[SourceTitle "EXT 2006"]
[Source "ChessBase"]
[SourceDate "2005.11.24"]
[SourceVersion "1"]
[SourceVersionDate "2005.11.24"]
[SourceQuality "1"]

1. e4 e6 2. d4 d5 3. Nc3 Bb4 4. e5 c5 5. a3 Bxc3+ 6. bxc3 Qc7 7. Nf3 Nc6 8. Be2 Nge7 9. O-O c4 10. Bg5 Bd7 11. Nh4 h6 12. Bd2 g5 13. Nf3 O-O-O 14. Kh1 Ng6 15. Ng1 Rdf8 16. Bh5 Nge7 17. Qe2 f5 18. exf6 Rxf6 19. g3 e5 20. dxe5 Nxe5 21. Be3 d4 22. Bxd4 Bc6+ 23. f3 N7g6 24. Bxg6 Rxg6 25. Bxe5 Qd8 26. Bxh8 Qxh8 27. Qxc4 Kb8 28. h3 Qc8 29. Kh2 h5 30. Qd4 Rg8 31. Rad1 g4 32. fxg4 Ka8 33. Rf4 hxg4 34. h4 Qe8 35. Rxg4 Rf8 36. Rf4 Rg8 37. Rdf1 Qc8 38. Qf2 1-0

[Event "Remembrance Day op"]
[Site "Winnipeg CAN"]
[Date "2004.11.14"]
[Round "5"]
[White "Prince, Colin"]
[Black "Hogeveen Rutter, Alexander"]
[Result "0-1"]
[WhiteElo "1772"]
[BlackElo "1706"]
[PlyCount "94"]
[GameId "2160767911052643"]
[EventDate "2004.11.12"]
[EventType "swiss"]
[EventRounds "5"]
[EventCountry "CAN"]
[SourceTitle "EXT 2006"]
[Source "ChessBase"]
[SourceDate "2005.11.24"]
[SourceVersion "1"]
[SourceVersionDate "2005.11.24"]
[SourceQuality "1"]

1. e4 c5 2. Nf3 Nc6 3. d4 cxd4 4. Nxd4 e6 5. Nc3 d6 6. Bc4 Be7 7. Be3 Nf6 8. f3 a6 9. g4 e5 10. Nde2 h6 11. Qd2 Na5 12. Bd5 Nxd5 13. Nxd5 Nc4 14. Qc3 Nxe3 15. Nc7+ Kd7 16. Nxa8 Ng2+ 17. Kf2 Nh4 18. Qb3 b5 19. Qd5 h5 20. a4 b4 21. g5 Bxg5 22. Qxf7+ Be7 23. Qd5 Rf8 24. Ng1 Ng6 25. a5 Bh4+ 26. Kf1 Nf4 27. Qc4 Qg5 28. Nb6+ Ke7 29. Qc7+ Kf6 30. Qxd6+ Kf7 31. Qd2 Rd8 32. Nd5 Be6 33. c4 bxc3 34. bxc3 Bxd5 35. exd5 Rxd5 36. Qa2 Ke6 37. Rd1 Kd6 38. Rxd5+ Nxd5 39. Qa3+ Ke6 40. c4 Ne3+ 41. Ke2 Nxc4 42. Qc5 Qd2+ 43. Kf1 Ne3+ 44. Qxe3 Qxe3 45. Kg2 g5 46. Nh3 Qe2+ 47. Kg1 Qxf3 0-1

[Event "Remembrance Day op"]
[Site "Winnipeg CAN"]
[Date "2004.11.14"]
[Round "5"]
[White "Tang, Edward"]
[Black "Gushuliak, Justin"]
[Result "1/2-1/2"]
[WhiteElo "1966"]
[BlackElo "2046"]
[PlyCount "28"]
[GameId "2160767911052645"]
[EventDate "2004.11.12"]
[EventType "swiss"]
[EventRounds "5"]
[EventCountry "CAN"]
[SourceTitle "EXT 2006"]
[Source "ChessBase"]
[SourceDate "2005.11.24"]
[SourceVersion "1"]
[SourceVersionDate "2005.11.24"]
[SourceQuality "1"]

1. e4 c5 2. Nf3 Nc6 3. d4 cxd4 4. Nxd4 Nf6 5. Nc3 d6 6. Bc4 e5 7. Nde2 Be6 8. Bxe6 fxe6 9. O-O Be7 10. Bg5 O-O 11. Ng3 b5 12. Bxf6 Rxf6 13. Nd5 Rf7 14. Nxe7+ Qxe7 1/2-1/2

[Event "Richard & Richard mem."]
[Site "Gatineau CAN"]
[Date "2004.01.09"]
[Round "1"]
[White "Cousineau, Gaston"]
[Black "Roy, Roger"]
[Result "0-1"]
[WhiteElo "1357"]
[BlackElo "1707"]
[PlyCount "84"]
[GameId "2160767911217343"]
[EventDate "2004.01.??"]
[EventType "swiss"]
[EventRounds "5"]
[EventCountry "CAN"]
[SourceTitle "EXT 2005"]
[Source "ChessBase"]
[SourceDate "2004.11.15"]
[SourceVersion "1"]
[SourceVersionDate "2004.11.15"]
[SourceQuality "1"]

1. e4 d6 2. Nc3 Nf6 3. h3 c6 4. Nf3 Nbd7 5. Bc4 e6 6. d4 Nxe4 7. Nxe4 d5 8. Bd3 dxe4 9. Bxe4 Nf6 10. Bg5 Qa5+ 11. Bd2 Qb5 12. Bd3 Qxb2 13. O-O Be7 14. c3 Qb6 15. Bg5 Qc7 16. Ne5 Nd5 17. Nxf7 Kxf7 18. Qh5+ Kf8 19. f4 Bf6 20. c4 Bxd4+ 21. Kh1 Nf6 22. Bxf6 Bxf6 23. Rad1 Qf7 24. Qf3 g6 25. g4 Bd7 26. Be4 Rc8 27. Qa3+ Qe7 28. c5 a6 29. Rd6 Ke8 30. Rb1 Rc7 31. Qa5 Bc8 32. Qb6 Rf8 33. Qb4 Bg7 34. Rbd1 Kf7 35. g5 Kg8 36. Rf1 Be5 37. Bxg6 hxg6 38. Qe4 Qg7 39. Rd8 Rxd8 40. fxe5 Rf7 41. Kg2 Rxf1 42. Kxf1 Rf8+ 0-1

[Event "Richard & Richard mem."]
[Site "Gatineau CAN"]
[Date "2004.01.09"]
[Round "1"]
[White "Desjardins, Michel"]
[Black "Ethier, Valori"]
[Result "1-0"]
[WhiteElo "1778"]
[BlackElo "1433"]
[PlyCount "71"]
[GameId "2160767911217344"]
[EventDate "2004.01.??"]
[EventType "swiss"]
[EventRounds "5"]
[EventCountry "CAN"]
[SourceTitle "EXT 2005"]
[Source "ChessBase"]
[SourceDate "2004.11.15"]
[SourceVersion "1"]
[SourceVersionDate "2004.11.15"]
[SourceQuality "1"]

1. f4 d5 2. b3 Nf6 3. Bb2 c6 4. Nf3 Bg4 5. e3 Bxf3 6. Qxf3 Nbd7 7. c4 e6 8. cxd5 Nxd5 9. Be2 Nb4 10. Na3 Nf6 11. d4 Qd5 12. O-O Qxf3 13. Rxf3 Ne4 14. Nc4 Nd5 15. Bd3 Ndf6 16. f5 Be7 17. fxe6 Ng5 18. exf7+ Kxf7 19. Ne5+ Ke6 20. Bf5+ Kd5 21. Rff1 Rhf8 22. Bd3 Nge4 23. Bc4+ Kd6 24. Ba3+ c5 25. Bd3 b6 26. Rf4 Kd5 27. Bc4+ Kd6 28. Bd3 Kd5 29. Raf1 cxd4 30. Bxe7 Kxe5 31. Bxf8 Rxf8 32. exd4+ Kxd4 33. Bxe4 Nxe4 34. Rxf8 Nf6 35. R8xf6 gxf6 36. Rxf6 1-0

[Event "Richard & Richard mem."]
[Site "Gatineau CAN"]
[Date "2004.01.16"]
[Round "2"]
[White "Ethier, Valori"]
[Black "Dagenais, Benoit"]
[Result "1-0"]
[WhiteElo "1433"]
[BlackElo "1089"]
[PlyCount "133"]
[GameId "2160767911217346"]
[EventDate "2004.01.??"]
[EventType "swiss"]
[EventRounds "5"]
[EventCountry "CAN"]
[SourceTitle "EXT 2005"]
[Source "ChessBase"]
[SourceDate "2004.11.15"]
[SourceVersion "1"]
[SourceVersionDate "2004.11.15"]
[SourceQuality "1"]

1. e4 e5 2. Bc4 Nf6 3. d4 d6 4. dxe5 dxe5 5. Qxd8+ Kxd8 6. Nc3 Bb4 7. Nge2 Ke7 8. Bd2 Nc6 9. O-O-O Be6 10. Bxe6 fxe6 11. f3 Rhd8 12. Be3 b6 13. Rd2 Rxd2 14. Bxd2 Bc5 15. Rd1 Rd8 16. Bg5 h6 17. Bxf6+ Kxf6 18. Rxd8 Nxd8 19. Nb5 Nc6 20. Nxc7 Nd4 21. Nxd4 Bxd4 22. Nb5 Be3+ 23. Kd1 a6 24. Nc3 b5 25. Ke2 Bd4 26. Kd3 b4 27. Na4 g5 28. c3 bxc3 29. bxc3 Bg1 30. h3 Bh2 31. c4 Ke7 32. c5 Kd7 33. Kc4 Kc6 34. Nb6 Bg1 35. Na4 Bh2 36. Nb2 Bg1 37. Nd3 Bh2 38. g4 a5 39. Nc1 Bg1 40. Nb3 a4 41. Na5+ Kc7 42. Kb5 a3 43. Nc4 Bh2 44. Nxa3 Bg1 45. Nc4 Bf2 46. Nxe5 Bd4 47. Nf7 Kd7 48. Nxh6 Be3 49. c6+ Kc7 50. Nf7 Bd2 51. Ne5 Bf4 52. Nd3 Be3 53. a4 Bd4 54. a5 Be3 55. a6 Bd4 56. Nc5 Bxc5 57. Kxc5 Kb8 58. Kb6 e5 59. c7+ Kc8 60. a7 Kd7 61. Kb7 Ke6 62. c8=Q+ Ke7 63. Qc6 Kd8 64. a8=R+ Ke7 65. Kb6 Kf7 66. Ra7+ Kf8 67. Qc8# 1-0

[Event "Richard & Richard mem."]
[Site "Gatineau CAN"]
[Date "2004.01.16"]
[Round "2"]
[White "Roy, Roger"]
[Black "Forget, David"]
[Result "1-0"]
[WhiteElo "1707"]
[BlackElo "1607"]
[PlyCount "99"]
[GameId "2160767911217347"]
[EventDate "2004.01.??"]
[EventType "swiss"]
[EventRounds "5"]
[EventCountry "CAN"]
[SourceTitle "EXT 2005"]
[Source "ChessBase"]
[SourceDate "2004.11.15"]
[SourceVersion "1"]
[SourceVersionDate "2004.11.15"]
[SourceQuality "1"]

1. g3 d5 2. Nf3 Bg4 3. Ne5 Bf5 4. d4 Nd7 5. Bg2 e6 6. Nxd7 Qxd7 7. O-O Nf6 8. Nd2 c5 9. c3 cxd4 10. cxd4 Bd6 11. Re1 O-O 12. e4 Nxe4 13. Nxe4 Bxe4 14. Bxe4 dxe4 15. Rxe4 Be7 16. Bf4 Bf6 17. Be5 Qd5 18. Qg4 Bxe5 19. Rxe5 Qd6 20. Rc1 Rac8 21. Rec5 Rxc5 22. dxc5 Qd5 23. Qc4 Rc8 24. Qxd5 exd5 25. Re1 Kf8 26. b4 Re8 27. Kf1 Re7 28. Rd1 Rd7 29. Ke2 Ke7 30. Kd3 Ke6 31. Re1+ Kf5 32. h3 a6 33. Kd4 f6 34. a4 h5 35. b5 axb5 36. axb5 g5 37. c6 bxc6 38. bxc6 Ra7 39. Re2 Ra1 40. Kxd5 Rd1+ 41. Kc5 Rc1+ 42. Kd6 Rd1+ 43. Kc7 Rc1 44. Kd7 Rd1+ 45. Kc8 Rc1 46. c7 h4 47. gxh4 gxh4 48. Re7 Rc3 49. Kd8 Rd3+ 50. Rd7 1-0

[Event "Richard & Richard mem."]
[Site "Gatineau CAN"]
[Date "2004.01.23"]
[Round "3"]
[White "Desjardins, Michel"]
[Black "Roy, Roger"]
[Result "1-0"]
[WhiteElo "1778"]
[BlackElo "1707"]
[PlyCount "99"]
[GameId "2160767911217348"]
[EventDate "2004.01.??"]
[EventType "swiss"]
[EventRounds "5"]
[EventCountry "CAN"]
[SourceTitle "EXT 2005"]
[Source "ChessBase"]
[SourceDate "2004.11.15"]
[SourceVersion "1"]
[SourceVersionDate "2004.11.15"]
[SourceQuality "1"]

1. e4 c5 2. Nc3 Nc6 3. g3 g6 4. Bg2 Bg7 5. Nge2 e6 6. d3 Nge7 7. O-O O-O 8. Be3 d6 9. Qd2 Nd4 10. Rab1 Nec6 11. a3 a5 12. f4 Nxe2+ 13. Nxe2 Nd4 14. c3 Nxe2+ 15. Qxe2 Qc7 16. Rfd1 Bd7 17. d4 c4 18. Rd2 a4 19. Kh1 Ra5 20. Qf2 Rb5 21. Re1 Re8 22. Rde2 Qc8 23. Bc1 Bc6 24. Re3 Kh8 25. Qe2 Bd7 26. Bf1 Rh5 27. Qxc4 Qxc4 28. Bxc4 Rc8 29. Be2 Ra5 30. Bf3 Rb5 31. R3e2 Rb3 32. Be3 Kg8 33. Rc2 Bb5 34. Be2 Bxe2 35. Rexe2 Rc4 36. Bf2 Kf8 37. Rcd2 Ke8 38. f5 Bh6 39. Be3 Bxe3 40. Rxe3 Ke7 41. fxe6 fxe6 42. Rf2 Rxd4 43. Ref3 Rd1+ 44. Kg2 Kd7 45. Rf7+ Kc6 46. Rxh7 Rb1 47. Rff7 R1xb2+ 48. Kh3 b6 49. Rc7+ Kb5 50. c4+ 1-0

[Event "Richard & Richard mem."]
[Site "Gatineau CAN"]
[Date "2004.01.23"]
[Round "3"]
[White "Lemieux, Richard"]
[Black "Ethier, Valori"]
[Result "1-0"]
[WhiteElo "1708"]
[BlackElo "1433"]
[PlyCount "139"]
[GameId "2160767911217349"]
[EventDate "2004.01.??"]
[EventType "swiss"]
[EventRounds "5"]
[EventCountry "CAN"]
[SourceTitle "EXT 2005"]
[Source "ChessBase"]
[SourceDate "2004.11.15"]
[SourceVersion "1"]
[SourceVersionDate "2004.11.15"]
[SourceQuality "1"]

1. Nf3 d5 2. g3 c6 3. Bg2 Nf6 4. O-O Bf5 5. d3 h6 6. Nbd2 e6 7. Re1 Be7 8. e4 dxe4 9. dxe4 Bxe4 10. Nxe4 Qxd1 11. Nxf6+ Bxf6 12. Rxd1 Na6 13. c3 Rd8 14. Rxd8+ Kxd8 15. Be3 b6 16. Bd4 Bxd4 17. Nxd4 Nb8 18. Nxc6+ Nxc6 19. Bxc6 Kc7 20. Bf3 Rd8 21. Rd1 Rxd1+ 22. Bxd1 Kd6 23. f4 f6 24. Kf2 e5 25. f5 Kc7 26. Ke3 Kc6 27. Bf3+ Kc7 28. b4 Kd7 29. c4 Kc7 30. Be4 Kd6 31. a4 a5 32. bxa5 bxa5 33. Kd3 Kc5 34. Kc3 Kd6 35. h4 Kc5 36. Kd3 Kb4 37. Bc6 Kc5 38. Bb5 Kd6 39. Ke4 Kc5 40. Kf3 Kd4 41. Kg4 Kc5 42. Kf3 Kd4 43. c5 Kxc5 44. Kg4 Kd6 45. Kh5 Ke7 46. Kg6 Kf8 47. Kh7 Kf7 48. Bc4+ Kf8 49. Kg6 e4 50. Kh7 e3 51. Kg6 h5 52. Kxh5 Ke7 53. Kg6 Kd6 54. Kxg7 Ke5 55. h5 Kxf5 56. h6 Kg4 57. h7 Kxg3 58. h8=Q f5 59. Kf6 f4 60. Qg8+ Kf2 61. Qd5 f3 62. Qxa5 e2 63. Qd2 Kf1 64. a5 Kf2 65. a6 Kf1 66. a7 Kf2 67. a8=Q Kg3 68. Qg8+ Kf2 69. Qd4+ Kf1 70. Qgg1# 1-0

[Event "Richard & Richard mem."]
[Site "Gatineau CAN"]
[Date "2004.01.30"]
[Round "4"]
[White "Ethier, Valori"]
[Black "Arsenault, Michel"]
[Result "0-1"]
[WhiteElo "1433"]
[BlackElo "2033"]
[PlyCount "70"]
[GameId "2160767911217350"]
[EventDate "2004.01.??"]
[EventType "swiss"]
[EventRounds "5"]
[EventCountry "CAN"]
[SourceTitle "EXT 2005"]
[Source "ChessBase"]
[SourceDate "2004.11.15"]
[SourceVersion "1"]
[SourceVersionDate "2004.11.15"]
[SourceQuality "1"]

1. e4 c5 2. Nf3 e6 3. d4 cxd4 4. Nxd4 Nf6 5. Nc3 d6 6. Be2 Be7 7. O-O O-O 8. f4 Nc6 9. Be3 Bd7 10. Nb3 Qc7 11. Qd2 Rfd8 12. Bf3 Be8 13. Qf2 Nd7 14. Rfd1 a6 15. a4 Na5 16. Nd4 Rac8 17. Nde2 Nc4 18. Bc1 Bf6 19. Qe1 Qc5+ 20. Kf1 b5 21. b3 b4 22. bxc4 Qxc4 23. Bb2 bxc3 24. Ba3 Nc5 25. Kf2 Nxe4+ 26. Bxe4 Qxe4 27. Rxd6 Rxd6 28. Bxd6 Bc6 29. Qf1 Rd8 30. Bc7 Rd2 31. Rb1 h5 32. Ba5 Bd4+ 33. Ke1 Qxc2 34. Rb8+ Kh7 35. Nxd4 Qd1# 0-1

[Event "Richard & Richard mem."]
[Site "Gatineau CAN"]
[Date "2004.01.30"]
[Round "4"]
[White "Roy, Roger"]
[Black "Papineau, Andre"]
[Result "1/2-1/2"]
[WhiteElo "1707"]
[BlackElo "1717"]
[PlyCount "112"]
[GameId "2160767911217351"]
[EventDate "2004.01.??"]
[EventType "swiss"]
[EventRounds "5"]
[EventCountry "CAN"]
[SourceTitle "EXT 2005"]
[Source "ChessBase"]
[SourceDate "2004.11.15"]
[SourceVersion "1"]
[SourceVersionDate "2004.11.15"]
[SourceQuality "1"]

1. d4 Nf6 2. Nf3 g6 3. Nbd2 d5 4. c4 c6 5. e3 Bg7 6. cxd5 cxd5 7. Bb5+ Bd7 8. Qb3 Bxb5 9. Qxb5+ Qd7 10. Qxd7+ Nbxd7 11. O-O O-O 12. b3 Rfc8 13. Ba3 e6 14. Rac1 Bf8 15. Bxf8 Kxf8 16. h3 Ne8 17. e4 dxe4 18. Nxe4 Ndf6 19. Nxf6 Nxf6 20. Ne5 Nd5 21. Rc5 Nc3 22. Kh2 Rxc5 23. dxc5 Nxa2 24. Rd1 f6 25. Nc4 Ke7 26. Ra1 Nb4 27. Nb6 Nc2 28. Ra4 Rb8 29. Rxa7 Nd4 30. b4 Nc6 31. Ra4 Rd8 32. b5 Nd4 33. Ra7 Nxb5 34. Rxb7+ Ke8 35. Rxh7 Rd2 36. c6 Rc2 37. Rh8+ Kf7 38. Rc8 Nd4 39. c7 Nb5 40. Na8 Ke7 41. Rg8 Nxc7 42. Rg7+ Kd6 43. Nxc7 Rxc7 44. Rxg6 Ke5 45. h4 Kf5 46. h5 e5 47. g4+ Kf4 48. Rxf6+ Kxg4 49. Rh6 Rf7 50. Kg2 Rf5 51. Rh8 Kg5 52. h6 Kg6 53. Kg3 Rg5+ 54. Kf3 Rf5+ 55. Ke3 Rh5 56. f3 Rf5 1/2-1/2

[Event "Richard & Richard mem."]
[Site "Gatineau CAN"]
[Date "2004.02.06"]
[Round "5"]
[White "Arsenault, Michel"]
[Black "Thibault, Mario"]
[Result "1-0"]
[WhiteElo "2033"]
[BlackElo "1662"]
[PlyCount "97"]
[GameId "2160767911217352"]
[EventDate "2004.01.??"]
[EventType "swiss"]
[EventRounds "5"]
[EventCountry "CAN"]
[SourceTitle "EXT 2005"]
[Source "ChessBase"]
[SourceDate "2004.11.15"]
[SourceVersion "1"]
[SourceVersionDate "2004.11.15"]
[SourceQuality "1"]

1. c4 c6 2. b3 d5 3. Bb2 Bf5 4. Nf3 e6 5. g3 h6 6. Bg2 Nf6 7. O-O Be7 8. d3 O-O 9. Nbd2 Nbd7 10. a3 Bh7 11. Rc1 Rc8 12. Rc2 Ne8 13. Qa1 Bf6 14. Re1 Bxb2 15. Qxb2 Qf6 16. b4 Qxb2 17. Rxb2 Nd6 18. a4 dxc4 19. dxc4 Ne4 20. Nb3 Rfd8 21. Na5 Rc7 22. Rd1 Kf8 23. Rd4 Ke7 24. c5 Ndf6 25. Rxd8 Kxd8 26. Ne5 Ke7 27. f3 Nc3 28. e4 Nd7 29. Nd3 b6 30. Rc2 Nxa4 31. cxb6 axb6 32. Nxc6+ Ke8 33. b5 Nb8 34. Ndb4 Nxc6 35. bxc6 Nc5 36. Ra2 f6 37. Ra8+ Ke7 38. Bf1 Bg6 39. Bb5 Bf7 40. Rb8 e5 41. Rxb6 Be6 42. Rb8 Bf7 43. Kf2 Be6 44. Ke3 Bf7 45. Kd2 Be6 46. Kc3 Nd7 47. Rb7 Rc8 48. Bc4 Rb8 49. Ra7 1-0

[Event "Richard & Richard mem."]
[Site "Gatineau CAN"]
[Date "2004.02.06"]
[Round "5"]
[White "Cousineau, Gaston"]
[Black "Ethier, Valori"]
[Result "0-1"]
[WhiteElo "1357"]
[BlackElo "1433"]
[PlyCount "85"]
[GameId "2160767911217353"]
[EventDate "2004.01.??"]
[EventType "swiss"]
[EventRounds "5"]
[EventCountry "CAN"]
[SourceTitle "EXT 2005"]
[Source "ChessBase"]
[SourceDate "2004.11.15"]
[SourceVersion "1"]
[SourceVersionDate "2004.11.15"]
[SourceQuality "1"]

1. Nf3 d5 2. d4 Nf6 3. Bg5 Ne4 4. e3 Nxg5 5. Nxg5 e5 6. Nxf7 Kxf7 7. Qh5+ g6 8. Qxe5 Bg7 9. Qf4+ Bf6 10. h4 Re8 11. Nc3 Nc6 12. a3 Nxd4 13. Bd3 Bf5 14. O-O-O Bxd3 15. Rxd3 Ne6 16. Qf3 c6 17. g3 Kg7 18. g4 Rf8 19. Qe2 Bxh4 20. Rxh4 Qxh4 21. f3 Qh1+ 22. Rd1 Qxf3 23. Qh2 Qxe3+ 24. Rd2 Rf1+ 25. Nd1 Rxd1+ 26. Kxd1 Qf3+ 27. Kc1 Qf1+ 28. Rd1 Qf4+ 29. Qxf4 Nxf4 30. Rf1 g5 31. Kd2 Re8 32. Rf2 Kg6 33. Kc3 b6 34. b4 a6 35. Kb3 Re3+ 36. c3 Rg3 37. Rd2 Rxg4 38. c4 Rg3+ 39. Ka2 Rg2 40. Rb2 h5 41. cxd5 cxd5 42. Kb3 Rxb2+ 43. Kxb2 0-1

[Event "Robin Girard mem."]
[Site "Quebec CAN"]
[Date "2004.09.03"]
[Round "1"]
[White "Bourassa, Andre"]
[Black "Bonneau, Daniel"]
[Result "1-0"]
[WhiteElo "1659"]
[BlackElo "1962"]
[PlyCount "83"]
[GameId "2160767911069578"]
[EventDate "2004.09.03"]
[EventType "swiss"]
[EventRounds "5"]
[EventCountry "CAN"]

1. d4 Nf6 2. c4 g6 3. Nc3 Bg7 4. e4 d6 5. f3 O-O 6. Be3 c5 7. dxc5 dxc5 8. Qxd8 Rxd8 9. Bxc5 Nc6 10. Rc1 Nd7 11. Be3 Nde5 12. a3 b6 13. c5 bxc5 14. Bxc5 Rb8 15. b4 Be6 16. Ba6 Nd4 17. Nge2 Nb3 18. Rb1 Nd3+ 19. Bxd3 Rxd3 20. Na4 Bd7 21. Nf4 Nxc5 22. Nxc5 Bc3+ 23. Ke2 Rd2+ 24. Ke3 Bb5 25. Rbc1 Be5 26. Nfd3 Rxg2 27. Nxe5 Re2+ 28. Kf4 g5+ 29. Kg3 h5 30. h4 g4 31. fxg4 f6 32. Nf3 hxg4 33. Kxg4 Kf7 34. Rc3 Rg8+ 35. Kh3 Rf2 36. Nh2 Be2 37. Rg3 Rh8 38. Rhg1 Rf4 39. Rg7+ Ke8 40. Rg8+ Rxg8 41. Rxg8+ Kf7 42. Rg2 1-0

[Event "Robin Girard mem."]
[Site "Quebec CAN"]
[Date "2004.09.03"]
[Round "1"]
[White "Dion, Jean-Francois"]
[Black "Tremblay, Rejean"]
[Result "0-1"]
[WhiteElo "1891"]
[BlackElo "2261"]
[PlyCount "66"]
[GameId "2160767911069579"]
[EventDate "2004.09.03"]
[EventType "swiss"]
[EventRounds "5"]
[EventCountry "CAN"]

1. d4 Nf6 2. Nf3 g6 3. Bf4 Bg7 4. h3 O-O 5. e3 d6 6. Nbd2 Nbd7 7. Be2 e6 8. O-O Qe7 9. Bh2 e5 10. c3 e4 11. Ne1 Ne8 12. Nc2 d5 13. c4 c6 14. b4 f5 15. b5 cxb5 16. cxd5 a6 17. Rb1 Nb6 18. Nb4 a5 19. Nc2 Nxd5 20. Bxb5 Nc3 21. Qc1 Nxb1 22. Qxb1 Be6 23. Nc4 Bxc4 24. Bxc4+ Kh8 25. Bd5 Rc8 26. Rc1 Nf6 27. Qxb7 Nxd5 28. Qxd5 Qa3 29. Be5 Qxc1+ 30. Kh2 Qxc2 31. Bxg7+ Kxg7 32. Qe5+ Rf6 33. Qe7+ Rf7 0-1

[Event "Robin Girard mem."]
[Site "Quebec CAN"]
[Date "2004.09.03"]
[Round "2"]
[White "Charbonneau, Anne-Marie"]
[Black "Bourassa, Andre"]
[Result "1-0"]
[WhiteElo "2082"]
[BlackElo "1659"]
[PlyCount "98"]
[GameId "2160767911069580"]
[EventDate "2004.09.03"]
[EventType "swiss"]
[EventRounds "5"]
[EventCountry "CAN"]

1. d4 d5 2. c4 e6 3. Nc3 Nf6 4. cxd5 exd5 5. Bg5 c6 6. e3 Be7 7. Qc2 Be6 8. Bd3 h6 9. Bh4 Nbd7 10. Nf3 Bd6 11. Bg3 Qc7 12. O-O a6 13. Rfe1 O-O 14. e4 dxe4 15. Nxe4 Nxe4 16. Rxe4 Bf5 17. Rh4 Bxd3 18. Qxd3 f5 19. Bxd6 Qxd6 20. Qb3+ Kh7 21. Ng5+ Kg6 22. Ne6 Rf7 23. Nf4+ Kf6 24. Qg3 Nf8 25. Nh5+ Ke7 26. Re1+ Kd7 27. Qb3 Re7 28. Qxb7+ Ke8 29. Qxa8+ Kf7 30. Rxe7+ Qxe7 31. Qxa6 Qxh4 32. Qc4+ Kg6 33. Ng3 Qf6 34. a4 Nd7 35. a5 c5 36. dxc5 Qxb2 37. Qe6+ Nf6 38. Qxf5+ Kf7 39. h3 Qa1+ 40. Kh2 Qxa5 41. Ne4 Qc7+ 42. g3 Qc6 43. Nxf6 Qxf6 44. Qxf6+ Kxf6 45. Kg2 Ke5 46. Kf3 Kd5 47. Kg4 g6 48. f4 Kxc5 49. f5 g5 1-0